Pelvic pain - z pohľadu chirurga

Bibliographic Details
Main Authors: Bakoš, Emil, 1945- (Author), Bakoš, M. (Author)
Format: Article
Language:Slovak

MARC

LEADER 00000nab a2200000uu 4500
001 vtls010896911
003 SK-MaSNL
005 20260303142333.0
008 230222|2007 xo |||||||||||||||||slo|
015 |a SNBRB 
035 |a (urnnbn)urn:nbn:sk:snk:ar-006mc5 
035 |a (uuid)c65e8ba1-20c5-479e-ac5d-676218aab089 
035 |a urn:nbn:sk:snk-ab8pgg 
040 |a SNKBUCL  |b slo  |c SNKBUCL  |e AACR2 
041 0 |a slo 
044 |a xo  |c SK 
100 1 |a Bakoš, Emil,  |d 1945-  |4 aut  |9 194937 
245 1 0 |a Pelvic pain - z pohľadu chirurga  |c E. Bakoš, M. Bakoš 
700 1 |a Bakoš, M.  |4 aut  |9 1077453 
773 0 |t Miniinvazívna chirurgia a endoskopia  |g Roč. 11, č. 3-4 (2007), s. 37-41 
954 |a odborná, vedecká literatúra pôvodná (slovenská)  |2 lita 
958 |a OND 
958 |a EUIPO 
958 |a article10 
999 |c 1982115  |d 1984045